000 01011cam a22002894a 4500
999 _c531979
_d531979
001 13301042
003 NUST
005 20191105150439.0
008 030805s2004 njua b 001 0 eng
010 _a 2003058594
020 _a0130924806
038 _aMSOHAIL
040 _aDLC
_cDLC
_dDLC
042 _apcc
050 0 0 _aTH438.4
_b.P38 2004
082 0 0 _a690.0685
_222
100 1 _aPatrick, Charles,
_d1956-
_925206
245 1 0 _aConstruction project planning and scheduling /
_cCharles Patrick.
260 _aUpper Saddle River, NJ :
_bPearson/Prentice Hall,
_cc2004.
300 _axv, 204 p. :
_bill. ;
_c24 cm.
500 _aIncludes bibliographical references (p. 199-200) and index.
650 0 _aBuilding
_xPlanning.
_925207
650 0 _aProduction scheduling.
_919469
906 _a7
_bcbc
_corignew
_d1
_eocip
_f20
_gy-gencatlg
942 _2ddc
_cBK